แสดงรายละเอียดบรรณานุกรม
  กลับหน้าหลัก

Brief Record : Get Marc (ISO 2709) : E-mail record : QR code ปิดหน้าต่าง
E-books : เกี่ยวกับ Collections
LEADER 00000nam 2200000uu 4500
001    209036
003     ULIBM
008    130717s||||||||th 000 0 tha d
041 0  ^atha
050  4 ^aHV5600.55 ส854ร 2556
100 0  ^aสุรศักดิ์ ไชยสงค์
245 00 ^aรายงานสถานการณ์การบริโภคเครื่องดื่มที่มีแอลกอฮอล์รายจังหวัด พ.ศ.2554 =Provincial alcohol report 2011./^bคณะผู้จัดทำรายงาน;สุรศักดิ์ ไชยสงค์,กัณณพนต์ ภักดีเศรษฐกุล,ทักษพล ธรรมรังสี
246 0  ^aProvincial alcohol report 2011
250    ^aพิมพ์ครั้งที่ 1
260    ^aนนทบุรี : ^bศูนย์วิจัยปัญหาสุรา,^c2556
300    ^a103 หน้า;^bภาพประกอบ
650  0 ^aเครื่องดื่มแอลกอฮอล์ ^xการบริโภค.
650  0 ^aเครื่องดื่มแอลกอฮอล์ ^zไทย ^xวิจัย.
650  0 ^aการดื่มสุรา
700 0  ^aกัณณพนต์ ไชยสงค์
700 0  ^aทักษพล ธรรมรังสี
710 2  ^aศูนย์วิจัยปัญหาสุรา.
999    ^aใช้งานได้ทุกระบบ
รายการนี้ยังไม่มีแท็ก
คุณยังไม่ได้ล็อกอิน คุณสามารถมีกิจกรรมร่วมกับเว็บไซต์ได้ แต่ต้องล็อกอินก่อน ::
  ล็อกอิน
ลำดับที่ ประเภท เลขเรียก สถานที่ สถานะ
1. หนังสือทั่วไป
หนังสือทั่วไป
สถานะ=หนังสือเก่า - บริการ ณ ห้องสมุด (ห้องเหลือง)
HV5600.55 ส854ร 2556  
  
หนังสือทั่วไป On Shelf
  ขอยืม
Note:บริจาค
2. หนังสือทั่วไป
หนังสือทั่วไป
สถานะ=หนังสือเก่า - บริการ ณ ห้องสมุด (ห้องเหลือง)
HV5600.55 ส854ร 2556 ฉ.2 
  
หนังสือทั่วไป On Shelf
  ขอยืม
Note:บริจาค
   [แสดง 2/2 รายการ]

รายการใกล้เคียง
    หัวเรื่อง [การดื่มสุรา]

BibComment


ยังไม่เคยถูกคอมเมนท์

คอมเมนท์ทรัพยากรรายการนี้
  คอมเมนท์: รายงานสถานการณ์ก..
Bib 209036

 
 
 

 Union Library Management : ULibM
Copyright 2026. All Rights Reserved.
скачать бесплатно без регистрации порно красивый секс HD Sex Hindi sex

xxx gou

xxxx

bfxxx

xxxwww

Секса Видео

xxxx

Секса Видео

detube

geilexxx

C99 Shell

worms shell

blod xxx video
Ebony Coed Rihanna Rimes Takes A Dick In Her Young Twat priyaa indian fuck anal and pusssy hardcore indian women xxx desi hardcore fucking part 1 bengalixxxcouple